Countries of the Americas Quiz Stats

 Plays Quiz not verified by Sporcle

Also try: Erase Oceania
Challenge
Share
Tweet
Embed
Score 0/35 Timer 05:00
0 Plays Today
Capital Countries % Correct
Mexico CityMexico
89.6%
Panama CityPanama
87.9%
Guatemala CityGuatemala
87.2%
LimaPeru
86.2%
BrasiliaBrazil
84.5%
San SalvadorEl Salvador
82.8%
HavanaCuba
82.8%
Buenos AiresArgentina
82.8%
Washington D.C.USA
82.2%
OttawaCanada
80.8%
KingstonJamaica
79.8%
Port-au-PrinceHaiti
79.8%
SantiagoChile
79.5%
BogotaColombia
79.1%
La Paz or SucreBolivia
77.1%
CaracasVenezuela
76.1%
QuitoEcuador
74.1%
MontevideoUruguay
73.7%
Capital Countries % Correct
Santo DomingoDominican Republic
73.1%
AsuncionParaguay
70.7%
NassauBahamas
68.7%
San JoseCosta Rica
68%
TegucigalpaHonduras
64.3%
ManaguaNicaragua
63.3%
GeorgetownGuyana
61.6%
BelmopanBelize
59.3%
ParamariboSuriname
58.6%
Port of SpainTrinidad and Tobago
54.9%
BridgetownBarbados
49.5%
CastriesSt Lucia
44.1%
RoseauDominica
43.8%
St GeorgesGrenada
42.4%
KingstownSt Vincent and the Grenadines
42.4%
St John'sAntigua and Barbuda
41.8%
BasseterreSt Kitts and Nevis
40.1%

You're not logged in!

Compare scores with friends on all Sporcle quizzes.
Join for Free
OR
Log In

You Might Also Like...

Show Comments

Extras

Top Quizzes Today


Score Distribution

Your Account Isn't Verified!

In order to create a playlist on Sporcle, you need to verify the email address you used during registration. Go to your Sporcle Settings to finish the process.

Report this User

Report this user for behavior that violates our Community Guidelines.

Details: